Top 100 Highest Rated Songs of 2020 - Statistics

General Stats
  • This quiz has been taken 22 times
    12 since last reset
  • The average score is 6 of 100
Answer Stats
f# Artist Rating Song % Correct
33 Phoebe Bridgers 95 Kyoto
71%
59 The Weeknd 94 Blinding Lights
57%
11 The Strokes 97 The Adults Are Talking
43%
13 Adrienne Lenker 96 anything
29%
20 JPEGMAFIA 96 BALD!
29%
94 Mac Miller 93 Circles
29%
4 Phoebe Bridgers 97 I Know The End
29%
37 Fiona Apple 95 I Want You To Love Me
29%
60 Adrianne Lenker 94 not a lot, just forever
29%
50 Jessie Ware 94 What's Your Pleasure?
29%
58 The Weeknd 94 After Hours
14%
48 Fiona Apple 94 Cosmonauts
14%
92 Charli xcx 93 forever
14%
1 Mac Miller 98 Good News
14%
95 Magdalena Bay 93 Killshot
14%
19 The Strokes 96 Ode to the Mets
14%
55 Fiona Apple 94 Shameika
14%
84 Shygirl 93 SLIME
14%
54 Freddie Gibbs & The Alchemist feat. Tyler, the Creator 94 Something to Rap About
14%
16 Jessie Ware 96 Spotlight
14%
71 The Avalanches feat. MGMT 94 The Divine Chord
14%
90 Fiona Apple 93 Under the Table
14%
38 Rina Sawayama 95 XS
14%
83 Freddie Gibbs & The Alchemist 93 1985
0%
32 Westside Gunn, Joey Bada$$ feat. Tyler, The Creator, Billie Essco 95 327
0%
93 Westside Gunn feat. Roc Marciano, Freddie Gibbs 93 $500 Ounces
0%
81 YABUJIN 93 8888EACH DIVINITY)))
0%
61 Westside Gunn 94 98 Sabres
0%
66 Cities Aviv 94 ACCOMPANIED BY A BLAZING SOLO
0%
75 Run The Jewels 93 a few words for the firing squad (radiation)
0%
68 Thouxanbanfauni 94 AMERICAN MUSCLE
0%
3 RXKNephew 98 American tteroristt
0%
36 life 95 ametic
0%
10 김뜻돌 [Meaningful Stone] 97 삐뽀삐뽀 [Beep-Boop, Beep-Boop]
0%
25 Lianne La Havas 95 Bittersweet
0%
56 Mac Miller 94 Blue World
0%
27 YoungBoy Never Broke Again 95 Bout My Business
0%
86 NAV 93 Breaking News Outro
0%
34 OMORI 95 By Your Side.
0%
69 clipping. 94 Check the Lock
0%
70 Chris Stapleton 94 Cold
0%
9 Chris Christodoulou 97 ...con lentitud poderosa
0%
91 Black Dresses 93 CREEP U
0%
7 青葉市子 [Ichiko Aoba] 97 Dawn in the Adan
0%
57 Boldy James & Sterling Toles 94 Detroit River Rock
0%
89 Pop Smoke 93 Dior
0%
85 Thundercat 93 Dragonball Durag
0%
22 OMORI 95 DUET
0%
28 clipping. 95 Enlacing
0%
53 YABUJIN 94 Fantasy and Mana
0%
2 Westside Gunn 98 Freestyle
0%
47 Yves Tumor 94 Gospel For A New Century
0%
87 Boldy James & Sterling Toles feat. Louie P Newton 93 Got Flicked (The Rebirth)
0%
43 YABUJIN 95 Hardstyle Drill 2009 Nokia Angelz مسدسات مجمدة 1.6
0%
5 万能青年旅店 [Omnipotent Youth Society] 97 河北墨麒麟 (Hebei Ink Qilin)
0%
97 1 800 PAIN 93 HURT
0%
52 KA 94 I Love (Mimi, Moms, Kev)
0%
29 Cities Aviv 95 (I SEEN YOU) SHINE
0%
49 Loathe 94 Is It Really You?
0%
21 OMORI 96 It Means Everything.
0%
45 YABUJIN 94 Kendo Thugs
0%
30 Yves Tumor 95 Kerosene!
0%
63 Bring Me The Horizon feat. BABYMETAL 94 Kingslayer
0%
73 Christine and the Queens 94 La vita nuova
0%
18 Busta Rhymes 96 Look Over Your Shoulder
0%
72 青葉市子 [Ichiko Aoba] 94 アダンの島の誕生祭 (Luminescent Creatures)
0%
26 여자친구 [GFRIEND] 95 MAGO
0%
80 Moses Sumney 93 Me in 20 Years
0%
88 Westside Gunn 93 Michael Irvin
0%
42 Boldy James & Sterling Toles 95 Mommy Dearest (A Eulogy)
0%
39 万能青年旅店 [Omnipotent Youth Society] 95 泥河 (Muddy River)
0%
77 Tallah 93 No One Should Read This
0%
46 SoFaygo 94 Off The Map
0%
24 OMORI 95 OMORI
0%
35 OMORI 95 OMORI - ALTER
0%
98 Benny the Butcher feat. Freddie Gibbs 93 One Way Flight
0%
76 Perfume Genius 93 On the Floor
0%
64 clipping. 94 Pain Everyday
0%
14 life 96 paroxis
0%
44 青葉市子 [Ichiko Aoba] 94 Pilgrimage
0%
96 Lianne La Havas 93 Please Don't Let Me Cry
0%
51 青葉市子 [Ichiko Aoba] 94 Porcelain
0%
17 Cities Aviv 96 POWER APPROACHES
0%
23 万能青年旅店 [Omnipotent Youth Society] 95 采石 (Quarry)
0%
74 Joji 94 Run
0%
67 青葉市子 [Ichiko Aoba] 94 Sagu Palm's Song
0%
12 clipping. 96 Say the Name
0%
78 The Strokes 93 Selfless
0%
31 Slauson Malone1 1 95 Smile #6 (see page 198 and 158)
0%
79 Cities Aviv 93 STANDING BY THE 260
0%
62 King Krule 94 Stoned Again
0%
65 The Microphones 94 The Microphones in 2020
0%
99 Boldy James & Sterling Toles 93 The Middle of Next Month
0%
8 Mick Gordon 97 The Only Thing They Fear Is You
0%
15 Chris Christodoulou 96 The Rain Formerly Known as Purple
0%
6 Slauson Malone 1 97 The Wake Pt. 3 & 2 (see page 87, 58, and 48)
0%
41 Thouxanbanfauni 95 ULTRA VIOLET
0%
40 Lianne La Havas 95 Weird Fishes
0%
100 OMORI 93 World's End Valentine
0%
82 Run the Jewels 93 yankee and the brave (ep. 4)
0%
No matching quizzes found
Score Distribution
Percent of People with Each Score
Percentile by Number Answered
Your Score History
You have not taken this quiz since the last reset